00900nam a2200229 a 450000100100000000500170001000800410002704000250006808200190009310000390011224501020015124600460025326000470029930000210034659000260036765000280039365000310042170000460045291000380049895201170053699900170065300001125420240412074224.0091015s1973 dr r 000 p spa d aDO-SdBNPbspacBNPHU aRD861.44bI12o1 aIbarra de Victoria, María92682010aOndas de emoción : ayer y hoy /cMaría Ibarra de Victoria; prólogo Ángel Rafael Lamarche.33aPoesías :bondas de emocion; ayer y hoy aSanto Domingo :bTribuna Hispanica,c1973. a167 p. ;c20 cm. aInventariado, 2018/BT 0aPoesía dominicana966 0aLiteratura dominicana.96712aLamarche, Ángel Rafael,epról.924282 aValidado. Control de calidad. MFF 0010718PDaPDbPDcHDd2009-10-15iLF1l0oRD861.44 I12op11254-10r2020-06-25w2020-06-25yLFPDZNo se presta c10972d10972